| 000 -LEADER |
| fixed length control field |
02887nam a22006977a 4500 |
| 001 - CONTROL NUMBER |
| control field |
13723932 |
| 003 - CONTROL NUMBER IDENTIFIER |
| control field |
LIBRIS |
| 005 - DATE AND TIME OF LATEST TRANSACTION |
| control field |
20210426114830.0 |
| 008 - FIXED-LENGTH DATA ELEMENTS--GENERAL INFORMATION |
| fixed length control field |
121228s2012 enkab|||||||||001 0|eng|d |
| 016 7# - NATIONAL BIBLIOGRAPHIC AGENCY CONTROL NUMBER |
| Record control number |
016068784 |
| Source |
Uk |
| 020 ## - INTERNATIONAL STANDARD BOOK NUMBER |
| International Standard Book Number |
9781780230306 |
| 020 ## - INTERNATIONAL STANDARD BOOK NUMBER |
| International Standard Book Number |
1780230303 |
| 035 ## - SYSTEM CONTROL NUMBER |
| System control number |
ocn788269885 |
| 035 ## - SYSTEM CONTROL NUMBER |
| System control number |
(LTSCA)5918004 |
| 040 ## - CATALOGING SOURCE |
| Original cataloging agency |
BTCTA |
| Language of cataloging |
eng |
| Transcribing agency |
BTCTA |
| Modifying agency |
BDX |
| -- |
UKMGB |
| -- |
YDXCP |
| -- |
NLE |
| -- |
OCLCO |
| -- |
YNK |
| -- |
CDX |
| -- |
QGK |
| -- |
BWX |
| -- |
PIT |
| -- |
AEU |
| -- |
Alb |
| Description conventions |
a |
| 041 ## - LANGUAGE CODE |
| Language code of text/sound track or separate title |
eng |
| 050 #4 - LIBRARY OF CONGRESS CALL NUMBER |
| Classification number |
DK675.4 |
| Item number |
.R39 2012 |
| 080 ## - UNIVERSAL DECIMAL CLASSIFICATION NUMBER |
| Universal Decimal Classification number |
94 (479.22) |
| Item number |
R-29 |
| 082 04 - DEWEY DECIMAL CLASSIFICATION NUMBER |
| Classification number |
947.58 |
| Edition number |
23 |
| 084 ## - OTHER CLASSIFICATION NUMBER |
| Classification number |
Koacc |
| Number source |
kssb/8 (machine generated) |
| 100 1# - MAIN ENTRY--PERSONAL NAME |
| Personal name |
Rayfield, Donald, |
| Dates associated with a name |
1942- |
| Relationship |
aut |
| Authority record control number or standard number |
https://libris.kb.se/vs685k8d19z8hd8#it |
| 245 10 - TITLE STATEMENT |
| Title |
Edge of empires : |
| Remainder of title |
a history of Georgia / Donald Rayfield |
| Statement of responsibility, etc. |
/ by: Reaktion Books |
| 264 #1 - PRODUCTION, PUBLICATION, DISTRIBUTION, MANUFACTURE, AND COPYRIGHT NOTICE |
| Place of production, publication, distribution, manufacture |
London |
| Name of producer, publisher, distributor, manufacturer |
Reaktion Books |
| Date of production, publication, distribution, manufacture, or copyright notice |
2012 |
| 300 ## - PHYSICAL DESCRIPTION |
| Extent |
479 p. |
| Other physical details |
ill., maps |
| Dimensions |
24 cm |
| 504 ## - BIBLIOGRAPHY, ETC. NOTE |
| Bibliography, etc. note |
Includes bibliographical references and index. |
| 650 #7 - SUBJECT ADDED ENTRY--TOPICAL TERM |
| Topical term or geographic name entry element |
Historia |
| Authority record control number or standard number |
https://id.kb.se/term/sao/Historia |
| Source of heading or term |
sao |
| 650 #0 - SUBJECT ADDED ENTRY--TOPICAL TERM |
| Topical term or geographic name entry element |
History of Georgia |
| 9 (RLIN) |
120 |
| 650 #0 - SUBJECT ADDED ENTRY--TOPICAL TERM |
| Topical term or geographic name entry element |
History |
| Authority record control number or standard number |
(DLC)sh 85061212 |
| 650 #4 - SUBJECT ADDED ENTRY--TOPICAL TERM |
| Topical term or geographic name entry element |
Historia |
| 650 #4 - SUBJECT ADDED ENTRY--TOPICAL TERM |
| Topical term or geographic name entry element |
Georgien |
| 650 #4 - SUBJECT ADDED ENTRY--TOPICAL TERM |
| Topical term or geographic name entry element |
History |
| 650 #4 - SUBJECT ADDED ENTRY--TOPICAL TERM |
| Topical term or geographic name entry element |
Georgia (Republic) |
| 651 #0 - SUBJECT ADDED ENTRY--GEOGRAPHIC NAME |
| Geographic name |
Georgia (Republic) |
| General subdivision |
History. |
| 651 #4 - SUBJECT ADDED ENTRY--GEOGRAPHIC NAME |
| Geographic name |
Georgien |
| Authority record control number or standard number |
https://libris.kb.se/c9prqbww1dnb7sx#it |
| 653 ## - INDEX TERM--UNCONTROLLED |
| Uncontrolled term |
საქართველოს ისტორია |
| 951 #s - EQUIVALENCE OR CROSS-REFERENCE--GEOGRAPHIC NAME/AREA NAME [OBSOLETE] [CAN/MARC only] |
| Linkage |
651 |
| Geographic name |
Gruzien |
| 951 #s - EQUIVALENCE OR CROSS-REFERENCE--GEOGRAPHIC NAME/AREA NAME [OBSOLETE] [CAN/MARC only] |
| Linkage |
651 |
| Geographic name |
Republiken Georgien |
| 951 #s - EQUIVALENCE OR CROSS-REFERENCE--GEOGRAPHIC NAME/AREA NAME [OBSOLETE] [CAN/MARC only] |
| Linkage |
651 |
| Geographic name |
Sakartvelo |
| 951 #s - EQUIVALENCE OR CROSS-REFERENCE--GEOGRAPHIC NAME/AREA NAME [OBSOLETE] [CAN/MARC only] |
| Linkage |
651 |
| Geographic name |
Sakartvelo Respublikis |
| 951 #s - EQUIVALENCE OR CROSS-REFERENCE--GEOGRAPHIC NAME/AREA NAME [OBSOLETE] [CAN/MARC only] |
| Linkage |
651 |
| Geographic name |
Sakartvelos respublika |
| 887 ## - NON-MARC INFORMATION FIELD |
| Content of non-MARC field |
{"@id":"2ldh0n6d0lrzdns","modified":"2014-03-07T09:50:32+01:00","checksum":"174655874923"} |
| Source of data |
librisxl |
| 887 ## - NON-MARC INFORMATION FIELD |
| Content of non-MARC field |
{"@id":"15ctktq61b8cskx","modified":"2012-12-28T09:24:20+01:00","checksum":"71465625955"} |
| Source of data |
librisxl |
| 887 ## - NON-MARC INFORMATION FIELD |
| Content of non-MARC field |
{"@id":"9fm7mvlg03zcsmr","modified":"2014-02-25T13:00:57+01:00","checksum":"71923977112"} |
| Source of data |
librisxl |
| 887 ## - NON-MARC INFORMATION FIELD |
| Content of non-MARC field |
{"@id":"qv2lbdnw3mzphd6","modified":"2013-09-23T10:13:59+02:00","checksum":"85392167281"} |
| Source of data |
librisxl |
| 887 ## - NON-MARC INFORMATION FIELD |
| Content of non-MARC field |
{"@id":"rw3lq2px33vz1mf","modified":"2013-06-05T16:30:33+02:00","checksum":"68996811575"} |
| Source of data |
librisxl |
| 900 1s - EQUIVALENCE OR CROSS-REFERENCE-PERSONAL NAME [LOCAL, CANADA] |
| Linkage |
100 |
| Dates associated with a name |
1942- |
| Affiliation |
Rayfield, Donald, |
| Dates associated with a name |
1942- |
| 900 1s - EQUIVALENCE OR CROSS-REFERENCE-PERSONAL NAME [LOCAL, CANADA] |
| Linkage |
100 |
| Fuller form of name |
(Donald), |
| Dates associated with a name |
1942- |
| Affiliation |
Rayfield, Donald, |
| Dates associated with a name |
1942- |
| 900 1s - EQUIVALENCE OR CROSS-REFERENCE-PERSONAL NAME [LOCAL, CANADA] |
| Linkage |
100 |
| Dates associated with a name |
1942- |
| Affiliation |
Rayfield, Donald, |
| Dates associated with a name |
1942- |
| 942 ## - ADDED ENTRY ELEMENTS (KOHA) |
| Source of classification or shelving scheme |
|
| Koha item type |
Books |